[Event "9.Offene Senioren SH 2015"]
[Site "Buesum"]
[Date "2015.10.01"]
[Round "4.1"]
[White "Quiring, Nikolai"]
[Black "Werner, Clemens"]
[Result "0-1"]
[BlackElo "2330"]
[BlackTeam "Karlsruher SF"]
[EventDate "2015.??.??"]
[PlyCount "89"]
[WhiteElo "2048"]
[WhiteTeam "SV VHS Rendsburg"]

1. d4 d6 2. e4 Nf6 3. f3 e6 4. c4 Be7 5. Be3 O-O 6. Nc3 c5 7. d5 a6 8. a4 Re8 9.
Bd3 Nbd7 10. Nge2 Ne5 11. b3 exd5 12. cxd5 Nfd7 13. O-O Nxd3 14. Qxd3 $146 Ne5
15. Qc2 Bd7 16. h3 b5 17. f4 Ng6 18. a5 b4 19. Nd1 Bb5 20. Ra2 Rc8 21. Nf2 Bh4
22. Kh2 c4 23. Bb6 Qe7 24. g3 cxb3 25. Qxb3 Bxe2 26. Rxe2 Rc3 27. Qxb4 Bxg3+ 28.
Kh1 Nxf4 29. Qxc3 Nxe2 30. Qd3 Bxf2 31. Qxe2 Bg3 32. Kg2 Bh4 33. Rf4 Bg5 34. Rg4
h5 35. Rg3 Bf4 36. Rc3 Qg5+ 37. Kh1 f5 38. Qxa6 Rxe4 39. Bg1 Re1 40. Qb6 Be3 41.
Qxe3 Rxe3 42. Bxe3 f4 43. a6 Qxd5+ 44. Kg1 Qd1+ 45. Kg2  0-1

[Event "9.Offene Senioren SH 2015"]
[Site "Buesum"]
[Date "2015.10.01"]
[Round "4.2"]
[White "Bartsch, Berthold"]
[Black "Hess, Christian"]
[Result "1-0"]
[BlackElo "2203"]
[BlackTeam "FC St. Pauli"]
[EventDate "2015.??.??"]
[PlyCount "79"]
[WhiteElo "2323"]
[WhiteTeam "SC Forchheim"]

1. Nc3 d5 2. e4 c6 3. g3 dxe4 4. Nxe4 Nd7 5. Bg2 Ngf6 6. d3 g6 7. Qe2 Nxe4 8.
dxe4 Bg7 9. Nf3 Qa5+ 10. Bd2 Qa4 11. b3 Qa3 12. Rc1 b6 13. O-O Ba6 14. c4 Qxa2
15. e5 Nc5 16. Nd4 O-O-O 17. Rc2 Qa3 18. Bc1 Qb4 19. Nxc6 Qxb3 20. Nxa7+ Kc7 21.
e6 Nxe6 22. Qe4 Rd3 23. Qc6+ Kd8 24. Nb5 Qxc2 25. Qxb6+ Ke8 26. Qxa6 Rd1 27. Be3
Rxf1+ 28. Bxf1 Qd1 29. c5 Be5 30. c6 f5 31. f4 Qe1 32. Bf2 Qe4 33. fxe5 Ng5 34.
Nd4 Kf7 35. Qc4+ e6 36. h4 Nf3+ 37. Nxf3 Qxf3 38. Bg2 Qd1+ 39. Kh2 g5 40. Qd4 
1-0

[Event "9.Offene Senioren SH 2015"]
[Site "Buesum"]
[Date "2015.10.01"]
[Round "4.3"]
[White "Ljubarskij, Juri"]
[Black "Limberg, Siegfried"]
[Result "1-0"]
[BlackElo "2037"]
[BlackTeam "SF Taunus"]
[EventDate "2015.??.??"]
[PlyCount "69"]
[WhiteElo "2226"]
[WhiteTeam "Hannover 96"]

1. d4 d5 2. Nf3 Nf6 3. c4 c6 4. e3 e6 5. Nc3 Nbd7 6. Qc2 Bd6 7. b3 Qe7 8. Be2
O-O 9. O-O Re8 10. e4 dxe4 11. Nxe4 Nxe4 12. Qxe4 h6 13. Ne5 Nf6 14. Qe3 c5 15.
Bb2 a5 16. a4 Nd7 17. Bf3 Rb8 18. Rad1 cxd4 19. Bxd4 Nc5 20. Bh5 Rf8 21. Bb2 Qc7
22. Qd4 Bxe5 23. Qxe5 Qxe5 24. Bxe5 Bd7 25. Bxb8 Rxb8 26. Bf3 Bc6 27. Rb1 Bxf3
28. gxf3 Rd8 29. b4 axb4 30. Rxb4 Rd4 31. a5 e5 32. Ra1 e4 33. fxe4 Nxe4 34.
Rxb7 Rxc4 35. a6  1-0

[Event "9.Offene Senioren SH 2015"]
[Site "Buesum"]
[Date "2015.10.01"]
[Round "4.4"]
[White "Ackermann, Hans Werner"]
[Black "Glaeser, Wilfried"]
[Result "1/2-1/2"]
[BlackElo "2135"]
[BlackTeam "SK Anderten"]
[EventDate "2015.??.??"]
[PlyCount "120"]
[WhiteElo "2333"]
[WhiteTeam "SSC Rostock"]

1. Nf3 d5 2. b3 c5 3. e3 Nc6 4. Bb2 f6 5. d4 cxd4 6. exd4 Bg4 7. Be2 e6 8. h3
Bh5 9. O-O Bd6 10. Ne1 Bxe2 11. Qxe2 Qd7 12. Nd3 O-O-O 13. Re1 Re8 14. c4 Nh6
15. Nd2 Nf5 16. Nf3 h5 17. g3 g5 18. cxd5 exd5 19. Qc2 Rxe1+ 20. Nfxe1 Nxg3 21.
fxg3 Qxh3 22. Qg2 Qe6 23. Nc2 h4 24. g4 h3 25. Qf3 Rh4 26. Nf2 f5 27. Re1 Qd7
28. Ne3 fxg4 29. Nexg4 h2+ 30. Kh1 Bf4 31. Qe2 Nd8 32. Bc1 Qf5 33. Qf3 Ne6 34.
Ne3 Nxd4 35. Nxf5 Nxf3 36. Re8+ Kd7 37. Re7+ Kd8 38. Nxh4 Bxc1 39. Nxf3 Kxe7 40.
Kxh2 Kd6 41. Kg3 a5 42. Nd3 Be3 43. Nfe1 d4 44. Kf3 Kd5 45. Ng2 Bg1 46. Ke2 b6
47. Kf3 g4+ 48. Kf4 g3 49. Kf3 Be3 50. Nb2 b5 51. Nd3 a4 52. Nge1 axb3 53. axb3
Bd2 54. Ng2 Be3 55. Kxg3 Ke4 56. Nc5+ Kd5 57. Na6 Ke4 58. Ne1 d3 59. Nxd3 Kxd3
60. Nc7 b4  1/2-1/2

[Event "9.Offene Senioren SH 2015"]
[Site "Buesum"]
[Date "2015.10.01"]
[Round "4.5"]
[White "Schumacher, Gottfried"]
[Black "Achenbach, Manfred"]
[Result "1-0"]
[BlackElo "2094"]
[BlackTeam "SC Muelheim"]
[EventDate "2015.??.??"]
[PlyCount "63"]
[WhiteElo "2246"]
[WhiteTeam "HTC Bad Neuenahr"]

1. e4 c5 2. Nf3 d6 3. c3 Nf6 4. Qc2 Bg4 5. d4 Nbd7 6. Nbd2 cxd4 7. Nxd4 e5 8.
N4f3 Be7 9. h3 Bh5 10. g4 Bg6 11. Nh4 d5 12. Bg2 Nxe4 13. Nxg6 hxg6 14. Nxe4
dxe4 15. Qxe4 Nc5 16. Qc2 O-O 17. Be3 Qc7 18. O-O-O Rad8 19. Bd5 Bh4 20. g5 Qe7
21. Rhg1 e4 22. Kb1 Nd3 23. Bb3 b5 24. Rg4 Bxf2 25. Bxf2 Nxf2 26. Qxf2 e3 27.
Qe2 Rxd1+ 28. Bxd1 Rd8 29. Bc2 Rd2 30. Qe1 Qb7 31. Re4 Rh2 32. Re8+  1-0

[Event "9.Offene Senioren SH 2015"]
[Site "Buesum"]
[Date "2015.10.01"]
[Round "4.6"]
[White "Nickel, Arno"]
[Black "Kierzek, Matthias"]
[Result "1/2-1/2"]
[BlackElo "2226"]
[BlackTeam "SC Fulda"]
[EventDate "2015.??.??"]
[PlyCount "29"]
[WhiteElo "2087"]
[WhiteTeam "Flensburger SK"]

1. e4 c6 2. d4 d5 3. exd5 cxd5 4. Bd3 Nc6 5. c3 Qc7 6. Ne2 e6 7. Bf4 Bd6 8. Bxd6
Qxd6 9. Nd2 Nf6 10. Qc2 Bd7 11. Nf3 Rc8 12. Qd2 Ne4 13. Qf4 Qxf4 14. Nxf4 f5 15.
h4  1/2-1/2

[Event "9.Offene Senioren SH 2015"]
[Site "Buesum"]
[Date "2015.10.01"]
[Round "4.7"]
[White "Lutz, Albert"]
[Black "Villing, Dieter"]
[Result "1-0"]
[BlackElo "2066"]
[BlackTeam "SK Ludwigshafen"]
[EventDate "2015.??.??"]
[PlyCount "69"]
[WhiteElo "2204"]
[WhiteTeam "SK Krumbach"]

1. Nf3 d6 2. d4 Bg4 3. c4 Nd7 4. Nc3 c6 5. e4 e5 6. Be2 Ngf6 7. Be3 Be7 8. O-O
O-O 9. Qc2 Qc7 10. Rac1 a6 11. Ne1 exd4 12. Bxd4 Ne5 13. f4 Ng6 14. Bd3 Rae8 15.
Qf2 Nh5 16. f5 Bh4 17. Qd2 Ne5 18. h3 Ng3 19. hxg4 Nxf1 20. Bxf1 Nxg4 21. Qf4 h5
22. Nf3 Bf6 23. Bxf6 gxf6 24. c5 Qa5 25. Qxd6 Rd8 26. Qg3 Qxc5+ 27. Kh1 Kh7 28.
Rc2 Rd1 29. Nxd1 Qxc2 30. Qe1 Rd8 31. Nc3 Qxb2 32. e5 fxe5 33. f6 Rg8 34. Nxe5
Nxe5 35. Qxe5  1-0

[Event "9.Offene Senioren SH 2015"]
[Site "Buesum"]
[Date "2015.10.01"]
[Round "4.8"]
[White "Szenetra, Werner"]
[Black "Reinhold, Klaus"]
[Result "1-0"]
[BlackElo "2057"]
[BlackTeam "SC Gronau"]
[EventDate "2015.??.??"]
[PlyCount "93"]
[WhiteElo "2200"]
[WhiteTeam "SV Berenbostel"]

1. Nf3 d5 2. g3 Nf6 3. d3 Bg4 4. Bg2 Nbd7 5. Nbd2 e6 6. O-O Be7 7. e4 O-O 8. Qe1
dxe4 9. dxe4 e5 10. Nc4 Bxf3 11. Bxf3 c6 12. a4 Qc7 13. b3 Rfe8 14. Bb2 a5 15.
Kh1 Bf8 16. Qe2 Nc5 17. Rad1 Nfd7 18. Rd2 Nb6 19. Rfd1 Nxc4 20. Qxc4 Qc8 21. Qe2
Qc7 22. Bg4 Rad8 23. f3 Rxd2 24. Rxd2 f6 25. Ba3 Ne6 26. Bxe6+ Rxe6 27. Qc4 Qc8
28. Bxf8 Kxf8 29. Qc5+ Re7 30. Kg2 Qc7 31. Rd6 Ke8 32. c3 Qb8 33. b4 axb4 34.
cxb4 Qa8 35. Qc4 Kf8 36. a5 Qb8 37. Qc5 Qc7 38. a6 bxa6 39. Rxc6 Qd7 40. Rd6 Qa4
41. Qc4 a5 42. Rd8+ Re8 43. Rxe8+ Qxe8 44. bxa5 Qd8 45. Qb4+ Ke8 46. a6 Qc7 47.
Qa4+  1-0

[Event "9.Offene Senioren SH 2015"]
[Site "Buesum"]
[Date "2015.10.01"]
[Round "4.9"]
[White "Lotzien, Hans"]
[Black "Kurka, Dieter"]
[Result "1/2-1/2"]
[BlackElo "2044"]
[BlackTeam "Koelner SK Dr. Lasker"]
[EventDate "2015.??.??"]
[PlyCount "86"]
[WhiteElo "2165"]
[WhiteTeam "Godesberger SK"]

1. e4 c5 2. Nc3 e6 3. Bc4 a6 4. a4 d6 5. Nge2 Nc6 6. d4 cxd4 7. Nxd4 Nf6 8. O-O
Be7 9. Be3 Qc7 10. Be2 O-O 11. Nb3 Ne5 12. f3 Nc4 13. Bc1 Qb6+ 14. Qd4 e5 15.
Qxb6 Nxb6 16. Be3 Nbd7 17. a5 Nb8 18. Na4 Nc6 19. Nb6 Rb8 20. c4 Be6 21. Rfc1
Nd7 22. Nd5 Bd8 23. Rd1 f5 24. exf5 Bxf5 25. Bd3 Ne7 26. Bxf5 Nxf5 27. Bf2 Rc8
28. Ra4 Nc5 29. Bxc5 dxc5 30. Nd2 Nd4 31. Ne4 Rc6 32. Kh1 Kh8 33. Ra3 h6 34. h3
Rf7 35. Rf1 Nc2 36. Ra4 Kh7 37. Rf2 Nd4 38. Ra3 Bh4 39. g3 Bd8 40. Kg2 g5 41.
Ne3 Bc7 42. Nd5 Bd8 43. Ne3 Bc7  1/2-1/2

[Event "9.Offene Senioren SH 2015"]
[Site "Buesum"]
[Date "2015.10.01"]
[Round "4.10"]
[White "Hunold, Rolf"]
[Black "Jacoby, Gisbert"]
[Result "1/2-1/2"]
[BlackElo "2151"]
[BlackTeam "Hamburger SK"]
[EventDate "2015.??.??"]
[PlyCount "41"]
[WhiteElo "2093"]
[WhiteTeam "SV Ruhrspringer"]

1. e4 c5 2. Nf3 d6 3. d4 cxd4 4. Nxd4 Nf6 5. Nc3 a6 6. Be3 e5 7. Nb3 Be6 8. Qe2
$146 Nbd7 9. g4 Nb6 10. g5 Nfd7 11. Qd2 Rc8 12. O-O-O Qc7 13. Kb1 Be7 14. f4
exf4 15. Bxf4 Ne5 16. Qd4 O-O 17. h4 Nbc4 18. Bxc4 Bxc4 19. h5 b5 20. h6 g6 21.
Rh2  1/2-1/2

[Event "9.Offene Senioren SH 2015"]
[Site "Buesum"]
[Date "2015.10.01"]
[Round "4.11"]
[White "Lomer, Edmund"]
[Black "Nyberg, Ulf"]
[Result "1-0"]
[BlackElo "2151"]
[BlackTeam "SK Kamraterna Goeteborg"]
[EventDate "2015.??.??"]
[PlyCount "53"]
[WhiteElo "2034"]
[WhiteTeam "Eckernfoerder SC"]

1. Nf3 d5 2. g3 Nf6 3. d4 Bf5 4. Bg2 e6 5. O-O c5 6. c4 Nc6 7. cxd5 exd5 8. Nc3
c4 9. Nh4 Be4 10. Nxe4 dxe4 11. d5 Nb4 12. Bg5 Be7 13. Nf5 Qxd5 14. Qxd5 Nbxd5
15. Nxg7+ Kf8 16. Nf5 Bc5 17. Rac1 Rc8 18. Rfd1 Bb6 19. Bh6+ Ke8 20. Nd6+ Ke7
21. Nxc8+ Rxc8 22. Bg5 Kf8 23. Kf1 Kg7 24. a3 h6 25. Bd2 Bd4 26. Bxh6+ Kxh6 27.
Rxd4  1-0

[Event "9.Offene Senioren SH 2015"]
[Site "Buesum"]
[Date "2015.10.01"]
[Round "4.12"]
[White "Rueberg, Jobst"]
[Black "Schulz, Wolfgang"]
[Result "1-0"]
[BlackElo "2052"]
[BlackTeam "Hamburger SK"]
[EventDate "2015.??.??"]
[PlyCount "85"]
[WhiteElo "2143"]
[WhiteTeam "SV Ahlen"]

1. e4 g6 2. Nf3 Bg7 3. Bc4 d6 4. O-O a6 5. a4 b6 6. d3 e6 7. Nc3 Ne7 8. Bf4 c5
9. Qd2 h6 10. Ba2 Nbc6 11. h3 Nb4 12. Rfe1 Nxa2 13. Rxa2 Bb7 14. Raa1 Nc6 15.
Rab1 Nd4 16. Nxd4 cxd4 17. Ne2 e5 18. Bg3 O-O 19. c3 f5 20. f3 d5 21. exf5 gxf5
22. cxd4 f4 23. Bh2 e4 24. Nxf4 Bxd4+ 25. Kh1 e3 26. Qb4 Bc5 27. Qb3 Qd6 28. Ne2
Qf6 29. d4 Bd6 30. Bxd6 Qxd6 31. Qxe3 Rae8 32. Qd2 Bc8 33. Ng1 Bd7 34. b3 Bf5
35. Rbc1 Qg6 36. Rxe8 Rxe8 37. Re1 Rc8 38. Qf4 Rf8 39. Qe5 Qf7 40. Rc1 Bd7 41.
Rc7 Re8 42. Qd6 Re7 43. Qxh6  1-0

[Event "9.Offene Senioren SH 2015"]
[Site "Buesum"]
[Date "2015.10.01"]
[Round "4.13"]
[White "Kluger, Hans-Peter"]
[Black "Baum, Bernd"]
[Result "0-1"]
[BlackElo "2264"]
[BlackTeam "SV Empor Erfurt"]
[EventDate "2015.??.??"]
[PlyCount "74"]
[WhiteElo "2015"]
[WhiteTeam "SF Fallersleben"]

1. d4 d5 2. c4 e6 3. Nf3 c6 4. cxd5 exd5 5. Nc3 Bf5 6. Bf4 Qb6 7. Qd2 Nf6 8. a3
Be7 9. e3 O-O 10. Be2 Nbd7 11. O-O Rfe8 $146 12. Ne5 Nxe5 13. Bxe5 Qd8 14. Bd3
Bg6 15. Bxg6 hxg6 16. h3 Bd6 17. Bxd6 Qxd6 18. b4 a6 19. Na4 Re7 20. Rac1 g5 21.
Nc5 g4 22. h4 g3 23. Nd3 Ne4 24. Qe2 gxf2+ 25. Rxf2 Nxf2 26. Qxf2 a5 27. Rf1
axb4 28. axb4 f6 29. h5 Rae8 30. Qf5 Qe6 31. Qxe6+ Rxe6 32. Nc5 R6e7 33. h6 Kh7
34. hxg7 Kxg7 35. Rf3 b6 36. Rg3+ Kf7 37. Na4 Rxe3  0-1

[Event "9.Offene Senioren SH 2015"]
[Site "Buesum"]
[Date "2015.10.01"]
[Round "4.14"]
[White "Lehmann, Erwin"]
[Black "Weidlich, Guenter"]
[Result "0-1"]
[BlackElo "2197"]
[BlackTeam "SV Dresden-Leuben"]
[EventDate "2015.??.??"]
[PlyCount "86"]
[WhiteElo "2001"]
[WhiteTeam "Ahrensburger TSV"]

1. c4 Nf6 2. g3 c6 3. Bg2 d5 4. Nf3 Bf5 5. cxd5 cxd5 6. Nc3 Nc6 7. Qb3 Qd7 8.
O-O e6 9. d3 Be7 10. Bf4 O-O 11. Rac1 Bg4 12. e4 Bxf3 13. Bxf3 Nd4 14. Qd1 Nxf3+
15. Qxf3 Rfc8 16. e5 Ne8 17. d4 a6 18. Qd3 b5 19. Bd2 Qb7 20. f4 g6 21. g4 Ng7
22. Rce1 Qd7 23. Re3 f5 24. g5 Ra7 25. Ne2 Rac7 26. Rh3 Bf8 27. Rh4 Ne8 28. Rf3
Qc6 29. Ba5 Rb7 30. Rf2 b4 31. a3 bxa3 32. bxa3 Qc4 33. Rh3 Rb5 34. Bd2 Rb2 35.
Qxc4 dxc4 36. Bc1 Rb1 37. Rf1 Nc7 38. Nc3 Rb3 39. a4 Bb4 40. Rff3 Bxc3 41. Rxc3
Rxc3 42. Rxc3 Nd5 43. Rc2 c3  0-1

[Event "9.Offene Senioren SH 2015"]
[Site "Buesum"]
[Date "2015.10.01"]
[Round "4.15"]
[White "Weiss, Hartwig"]
[Black "Weyrauch, Erich"]
[Result "1-0"]
[BlackElo "2153"]
[BlackTeam "SV Ruhrspringer"]
[EventDate "2015.??.??"]
[PlyCount "85"]
[WhiteElo "1997"]
[WhiteTeam "SK Minden"]

1. Nf3 d5 2. c4 dxc4 3. e3 Nf6 4. Bxc4 Nc6 5. d4 e6 6. Nc3 a6 7. O-O Be7 8. a3
b5 9. Bd3 Bb7 10. b4 Qd6 11. Bb2 e5 12. Ne4 Nxe4 13. Bxe4 exd4 14. Nxd4 O-O-O
15. Qf3 Bf6 16. Bxc6 Bxc6 17. Nxc6 Bxb2 18. Rad1 Qf6 19. Rxd8+ Rxd8 20. Qxf6
Bxf6 21. Nxd8 Kxd8 22. Rd1+ Ke7 23. Kf1 Ke6 24. Ke2 Be7 25. Rc1 Kd6 26. Kd3 Bf6
27. Rc2 c6 28. f4 Bd8 29. a4 bxa4 30. Ra2 a5 31. bxa5 Bxa5 32. Rxa4 Bd8 33. Ra7
Ke6 34. e4 g6 35. Ra6 Kd7 36. h3 h5 37. g4 hxg4 38. hxg4 Be7 39. Kd4 Kd6 40. Ra7
c5+ 41. Kc4 f6 42. Ra6+ Kd7 43. Kd5  1-0

[Event "9.Offene Senioren SH 2015"]
[Site "Buesum"]
[Date "2015.10.01"]
[Round "4.16"]
[White "Schwertel, Johann"]
[Black "Zunker, Reinhard"]
[Result "1/2-1/2"]
[BlackElo "2135"]
[BlackTeam "SV Hofheim"]
[EventDate "2015.??.??"]
[PlyCount "73"]
[WhiteElo "1991"]
[WhiteTeam "SV Koblenz"]

1. d4 Nf6 2. Nf3 c5 3. c3 e6 4. Bg5 h6 5. Bh4 Nc6 6. e3 d5 7. Nbd2 Qb6 8. Qb3
Bd7 9. Be2 Bd6 10. Bg3 Bxg3 11. hxg3 c4 12. Qc2 Qa5 13. e4 b5 14. exd5 exd5 15.
O-O Ne7 16. Ne5 Bf5 17. Qc1 O-O 18. Re1 Qc7 19. Bf3 Rab8 20. Nf1 a5 21. Ne3 Be4
22. N3g4 Nxg4 23. Nxg4 Bxf3 24. gxf3 Qd6 25. Kg2 Rfe8 26. Qd2 Ng6 27. Rxe8+ Rxe8
28. Re1 Re6 29. Rxe6 Qxe6 30. Qe3 Kf8 31. Qxe6 fxe6 32. f4 Ke7 33. a3 Kd6 34.
Ne5 Nxe5 35. fxe5+ Kc6 36. b4 a4 37. Kf3 { Remis im 43. Zug.  (  Anm.: nicht
rekonstruierbar  )} 1/2-1/2

[Event "9.Offene Senioren SH 2015"]
[Site "Buesum"]
[Date "2015.10.01"]
[Round "4.17"]
[White "Krotofil, Kurt"]
[Black "Gehrmann, Rudolf-Rainer"]
[Result "0-1"]
[BlackElo "2132"]
[BlackTeam "SV Eutin"]
[EventDate "2015.??.??"]
[PlyCount "102"]
[WhiteElo "1986"]
[WhiteTeam "Niendorfer TSV"]

1. d4 Nf6 2. c4 g6 3. Nc3 Bg7 4. e4 d6 5. Nf3 O-O 6. Be2 Nbd7 7. O-O e5 8. Re1
exd4 9. Nxd4 Re8 10. f3 h6 11. Rb1 a5 12. a3 Nc5 13. b4 axb4 14. axb4 Ne6 15.
Be3 Bd7 16. Qd2 Kh7 17. Nd5 Ra3 18. Rb3 Ra4 19. Nc3 Ra8 20. Ndb5 Ng8 21. Rd1
Bxb5 22. Nxb5 b6 23. Nd4 Qd7 24. Nxe6 Qxe6 25. Bd4 Bxd4+ 26. Qxd4 Ra2 27. Rb2
Rea8 28. Rdd2 Rxb2 29. Rxb2 Qe7 30. g3 Nf6 31. Rd2 Ra4 32. Rb2 Nd7 33. Qd1 Ra3
34. Rb3 Ra2 35. Bd3 Qe5 36. Bb1 Ra1 37. Qd5 Kg7 38. Kf2 Qf6 39. Ke3 Ne5 40. f4
Ng4+ 41. Kd3 Nxh2 42. Qd4 Ng4 43. Qxf6+ Kxf6 44. Kd4 Ke6 45. c5 bxc5+ 46. bxc5
Ra4+ 47. Kc3 dxc5 48. Bd3 Nf2 49. Bc4+ Ke7 50. e5 Ne4+ 51. Kd3 Rxc4  0-1

[Event "9.Offene Senioren SH 2015"]
[Site "Buesum"]
[Date "2015.10.01"]
[Round "4.16"]
[White "Schwertel, Johann"]
[Black "Zunker, Reinhard"]
[Result "1/2-1/2"]
[BlackElo "2135"]
[BlackTeam "SV Hofheim"]
[EventDate "2015.??.??"]
[PlyCount "40"]
[WhiteElo "1991"]
[WhiteTeam "SV Koblenz"]

1. e4 e6 2. d3 d5 3. Nd2 Nc6 4. Be2 Nf6 5. Ngf3 Bd6 6. b3 O-O 7. Bb2 e5 8. h3
Qe7 9. O-O a5 10. a3 dxe4 11. dxe4 b6 12. Bb5 Na7 13. Bc4 Bb7 14. Qe2 Nc6 15.
Rfe1 Nd8 16. g3 Nd7 17. Bd5 c6 18. Bc4 Ne6 19. Bxe6 Qxe6 20. Nc4 Ba6  1/2-1/2

[Event "9.Offene Senioren SH 2015"]
[Site "Buesum"]
[Date "2015.10.01"]
[Round "4.19"]
[White "Kaufmann, Helmut"]
[Black "Dahlhaus, Friedhelm"]
[Result "0-1"]
[BlackElo "2121"]
[BlackTeam "DJK Wacker Bergeborbeck"]
[EventDate "2015.??.??"]
[PlyCount "80"]
[WhiteElo "1959"]
[WhiteTeam "SK Eutingen"]

1. d4 Nf6 2. g3 d5 3. Bg2 Bf5 4. Nd2 e6 5. c3 c5 6. Ngf3 Nc6 7. e3 Be7 8. O-O
O-O 9. Re1 h6 10. h3 Rc8 11. dxc5 Bxc5 12. Nd4 Bg6 13. N2b3 Bb6 14. Nd2 Ne5 15.
f4 Nd3 16. Rf1 Re8 17. Kh2 e5 18. fxe5 Nxe5 19. N2f3 Nc4 20. Re1 Ne4 21. Nh4 Bc7
22. Nhf5 Bxf5 23. Nxf5 Qg5 24. Qg4 Qxg4 25. hxg4 Nf2 26. Bxd5 Ne5 27. Kg2 Nfxg4
28. Bxb7 Rb8 29. Bd5 g6 30. Nd4 Nd3 31. Rf1 Nxc1 32. Bxf7+ Kh7 33. Rfxc1 Rxb2+
34. Nc2 Rxe3 35. Bb3 Rxg3+ 36. Kf1 Bb6 37. Re1 Ne3+ 38. Nxe3 Bxe3 39. Rxe3 Rxe3
40. Rd1 Rxb3  0-1

[Event "9.Offene Senioren SH 2015"]
[Site "Buesum"]
[Date "2015.10.01"]
[Round "4.20"]
[White "Neumann, Joachim"]
[Black "Jensen, Helmut"]
[Result "1/2-1/2"]
[BlackElo "1923"]
[BlackTeam "Schach bei Maedler"]
[EventDate "2015.??.??"]
[PlyCount "40"]
[WhiteElo "2105"]
[WhiteTeam "SC Agon Neumuenster"]

1. c4 e5 2. g3 Nc6 3. Nc3 g6 4. Bg2 Bg7 5. e4 d6 6. Nge2 Be6 7. d3 Qd7 8. Nd5
Nce7 9. d4 c6 10. Ne3 exd4 11. Nxd4 Bh3 12. O-O Bxg2 13. Kxg2 Nf6 14. Qd3 Ng4
15. Nxg4 Qxg4 16. h3 Qd7 17. Bf4 O-O 18. Rad1 Rad8 19. b3 d5 20. exd5 Nxd5 
1/2-1/2

[Event "9.Offene Senioren SH 2015"]
[Site "Buesum"]
[Date "2015.10.01"]
[Round "4.21"]
[White "Stecklina, Otto"]
[Black "Erhart, Uwe"]
[Result "0-1"]
[BlackElo "2087"]
[BlackTeam "Raisdorfer SG"]
[EventDate "2015.??.??"]
[PlyCount "75"]
[WhiteElo "1933"]
[WhiteTeam "Freibauer Wedemark"]

1. Nf3 Nf6 2. d4 e6 3. c4 b6 4. Nc3 Bb7 5. e3 Be7 6. Be2 O-O 7. O-O d6 8. d5 e5
9. e4 Nbd7 10. Bg5 a5 11. Qc2 Rc8 12. Rad1 Nxd5 13. exd5 Bxg5 14. Nxg5 Qxg5 15.
Ne4 Qe7 16. Bd3 g6 17. f4 f5 $146 18. Ng5 e4 19. Be2 Nc5 20. a3 h6 21. Nh3 Qg7
22. b4 axb4 23. axb4 Nd7 24. g4 Kh8 25. g5 h5 26. Qd2 Ra8 27. Rb1 Ra3 28. Kg2
Rfa8 29. Rfc1 Ra2 30. Rc2 Rxc2 31. Qxc2 Qd4 32. Rd1 Qe3 33. Qb2+ Kg8 34. Qd2 Qb3
35. Qe1 Ra2 36. Ng1 Qxc4 37. Rc1 Rc2 38. Qh4  0-1

[Event "9.Offene Senioren SH 2015"]
[Site "Buesum"]
[Date "2015.10.01"]
[Round "4.22"]
[White "Rychlik, Kurt"]
[Black "Nowack, Achim"]
[Result "1-0"]
[BlackElo "1798"]
[BlackTeam "SK Kaltenkirchen"]
[EventDate "2015.??.??"]
[PlyCount "79"]
[WhiteElo "2060"]
[WhiteTeam "SV Berenbostel"]

1. Nf3 g6 2. g3 Bg7 3. Bg2 c5 4. d3 Nc6 5. e4 d6 6. Nbd2 Nf6 7. c3 Bg4 8. h3 Bd7
9. O-O O-O 10. Qe2 Qc7 11. Nh4 Rab8 12. a4 b5 13. axb5 Rxb5 14. d4 Rfb8 15. d5
Na5 16. f4 Nb3 17. Nxb3 Rxb3 18. Rf2 Qb6 19. Kh2 Bb5 20. Qf3 Be8 21. Bf1 Qc7 22.
Bc4 R3b6 23. g4 Nd7 24. Ng2 Nf8 25. h4 Bb5 26. Ne3 a6 27. h5 Qd7 28. g5 f6 29.
h6 Bh8 30. Bf1 Bxf1 31. Nxf1 Qb5 32. Ng3 Nd7 33. Qg4 Rf8 34. c4 f5 35. exf5 Qxc4
36. fxg6 hxg6 37. Qxd7 Qd4 38. Qe6+ Rf7 39. Be3 Qd3 40. Rd2  1-0

[Event "9.Offene Senioren SH 2015"]
[Site "Buesum"]
[Date "2015.10.01"]
[Round "4.24"]
[White "Fritsch, Juergen"]
[Black "Bondick, Karl-Heinz"]
[Result "1/2-1/2"]
[BlackElo "2038"]
[BlackTeam "USC Magdeburg"]
[EventDate "2015.??.??"]
[PlyCount "22"]
[WhiteElo "1868"]
[WhiteTeam "SK Lister Turm"]

1. e4 e5 2. Bc4 Qe7 3. d3 c6 4. Nf3 Nf6 5. Nc3 d6 6. Ng5 Be6 7. Nxe6 fxe6 8. a4
g6 9. O-O Bg7 10. Bd2 Nbd7 11. Qc1 O-O  1/2-1/2

[Event "9.Offene Senioren SH 2015"]
[Site "Buesum"]
[Date "2015.10.01"]
[Round "4.25"]
[White "Eberhardt, Michael"]
[Black "Berenstein, Alexander"]
[Result "0-1"]
[BlackElo "2030"]
[BlackTeam "SV VHS Rendsburg"]
[EventDate "2015.??.??"]
[PlyCount "112"]
[WhiteElo "1795"]
[WhiteTeam "SC Agon Neumuenster"]

1. d4 Nf6 2. Bf4 e6 3. e3 b6 4. Nf3 Bb7 5. c4 d5 6. Nc3 a6 7. a3 Nbd7 8. cxd5
Nxd5 9. Nxd5 Bxd5 10. Rc1 Ra7 11. Bd3 Bd6 12. Bxd6 cxd6 13. e4 Ba8 14. O-O O-O
15. Qe2 b5 16. Rc3 Rc7 17. Rfc1 Rxc3 18. Rxc3 e5 19. Qc2 f5 20. dxe5 dxe5 21.
Nd2 fxe4 22. Nxe4 g6 23. Bf1 Nb6 24. Nc5 Qf6 25. Qd2 Kh8 26. Rd3 Nc4 27. Qe2 e4
28. Rd1 Qxb2 29. Qxb2+ Nxb2 30. Rb1 Nc4 31. Bxc4 bxc4 32. Nxa6 c3 33. Rc1 Rc8
34. Nb4 Kg7 35. Kf1 Kf6 36. Ke2 Ke5 37. Nc2 Bc6 38. Ne3 Bb5+ 39. Kd1 Bd3 40. a4
Kd4 41. Nc2+ Kc4 42. Ne3+ Kb3 43. a5 Kb2 44. Nd5 Rc5 45. Nxc3 Rxc3 46. Rxc3 Kxc3
47. g4 Ba6 48. Ke1 Kb4 49. Kd2 Kxa5 50. Ke3 Bb7 51. Kf4 Kb4 52. Kg5 Kc3 53. Kh6
Bc8 54. h3 Kd2 55. Kxh7 Ke2 56. Kxg6 Kxf2  0-1

[Event "9.Offene Senioren SH 2015"]
[Site "Buesum"]
[Date "2015.10.01"]
[Round "4.26"]
[White "Perk, Egbert"]
[Black "Hassenrueck, Helmut"]
[Result "0-1"]
[BlackElo "2240"]
[BlackTeam "SG-Gladbeck"]
[EventDate "2015.??.??"]
[PlyCount "72"]
[WhiteElo "1916"]
[WhiteTeam "SK Lister Turm"]

1. Nf3 c5 2. c4 Nc6 3. g3 g6 4. Bg2 Bg7 5. O-O e5 6. Nc3 Nge7 7. d3 d6 8. e4 O-O
9. h3 h6 10. Kh2 f5 11. exf5 gxf5 12. Nh4 Be6 13. Nd5 Bxd5 14. cxd5 Nd4 15. Be3
Qe8 16. Bxd4 cxd4 17. Qb3 Bf6 18. Nf3 Qd7 19. Rac1 Rfc8 20. Ng1 Ng6 21. Ne2 Kh8
22. h4 Rg8 23. Bh3 Qe7 24. Bxf5 Bxh4 25. Bxg6 Rxg6 26. Rh1 Rf8 27. Rcf1 Bg5 28.
Kg2 Qf7 29. f3 Be3 30. g4 Rfg8 31. Ng3 Bf4 32. Ne4 Qd7 33. Kf2 Rc8 34. g5 Be3+
35. Ke2 Qg7 36. Rh5 Bxg5  0-1

[Event "9.Offene Senioren SH 2015"]
[Site "Buesum"]
[Date "2015.10.01"]
[Round "4.27"]
[White "Kierzek, Mira"]
[Black "Schwetje, Siegfried"]
[Result "1-0"]
[BlackElo "1906"]
[BlackTeam "SC Bad Salzdetfurth"]
[EventDate "2015.??.??"]
[PlyCount "119"]
[WhiteElo "2054"]
[WhiteTeam "SC Fulda"]

1. d4 d5 2. c4 c6 3. Nf3 Nf6 4. Nc3 g6 5. Bf4 Bg7 6. h3 O-O 7. e3 Nbd7 8. Be2
Ne4 9. O-O Ndf6 10. Rc1 Be6 11. c5 h6 12. Ne5 Nd7 13. Nd3 Ndf6 14. Bh2 Qc8 15.
f3 Nxc3 16. Rxc3 h5 17. Bf4 Kh7 18. Qd2 Rh8 19. Ne5 Nd7 20. Nd3 h4 21. Nf2 Kg8
22. e4 Nf6 23. Bg5 Qd7 24. Rd1 dxe4 25. fxe4 Rd8 26. Bf3 Ne8 27. Be3 Nc7 28. a4
f6 29. Ra3 Bf7 30. Ng4 Be6 31. Qd3 Qe8 32. Qe2 Qf7 33. Raa1 Bb3 34. Rdc1 Be6 35.
Ra3 Qf8 36. Rd1 Qf7 37. Qc2 Bf8 38. Bf2 Bg7 39. Rad3 Bc4 40. Rc3 Be6 41. Rcd3
Bc4 42. Ra3 Be6 43. Qc3 Rb8 44. Qa5 Na6 45. d5 Bd7 46. b4 f5 47. Ne3 fxe4 48.
Bxe4 Bh6 49. dxc6 Rf8 50. Bf3 Bxc6 51. Ng4 Bg7 52. b5 Bxf3 53. Rxf3 Qa2 54.
Rxf8+ Bxf8 55. bxa6 bxa6 56. c6 Rh5 57. Qxa6 Qc2 58. Rf1 Rf5 59. c7 Kg7 60. c8=Q
 1-0